[Event "Just Another Plain Tournament"]
[Site "SchemingMind.com"]
[Date "2008.11.20"]
[Round "-"]
[White "julius"]
[Black "Bathory"]
[Result "1-0"]
[WhiteCountry "NED"]
[BlackCountry "BEL"]
[WhiteElo "1761"]
[WhiteRD "94"]
[BlackElo "1819"]
[BlackRD "92"]
[GameID "179810"]

1. e4 e5 2. Nf3 Nc6 3. Bc4 Bc5 4. O-O Nf6 5. c3 Nxe4 6. d4 d5 7. Bb5 exd4 8. cxd4 Bd6 9. Re1 O-O 10. Bxc6 bxc6
11. Nc3 Nxc3 12. bxc3 Bg4 13. Qd3
1-0

[Event "Just Another Plain Tournament"]
[Site "SchemingMind.com"]
[Date "2008.11.20"]
[Round "-"]
[White "Bathory"]
[Black "julius"]
[Result "0-1"]
[WhiteCountry "BEL"]
[BlackCountry "NED"]
[WhiteElo "1819"]
[WhiteRD "92"]
[BlackElo "1761"]
[BlackRD "94"]
[GameID "179813"]

1. d4 Nf6 2. c4 e6 3. g3 Bb4+ 4. Bd2 Bxd2+ 5. Qxd2 d5 6. Nf3 O-O 7. Bg2 c6 8. O-O Nbd7 9. Nc3 a5 10. Qd3 b6
11. e4 dxe4 12. Nxe4 Bb7 13. Nxf6+ Nxf6 14. Rad1 Qc7 15. Qe3 Rfd8
0-1

[Event "Just Another Plain Tournament"]
[Site "SchemingMind.com"]
[Date "2008.11.21"]
[Round "-"]
[White "fouche"]
[Black "julius"]
[Result "1-0"]
[WhiteCountry "COL"]
[BlackCountry "NED"]
[WhiteElo "1558"]
[WhiteRD "58"]
[BlackElo "1761"]
[BlackRD "94"]
[GameID "179819"]

1. c4 e5 2. Nc3 Nf6 3. d3 Nc6 4. Nf3 Bb4 5. Bd2 d6 6. e3 O-O 7. Be2 Bd7 8. O-O a6 9. a3 Bxc3 10. Bxc3 Ne7
11. Rc1 Ng6 12. d4 e4 13. Nd2 Re8 14. Qc2 c6 15. b4 Rc8 16. Rfd1 d5 17. c5 Bf5 18. f4 Qd7 19. Nf1 Re7 20. Be1 h5
21. a4 Kf8 22. Ng3 Ke8 23. Qb2 Kd8 24. b5 axb5 25. axb5 Bg4 26. b6 Bxe2 27. Qxe2 Re8 28. Nxh5 Nxh5 29. Qxh5 Rh8 30. Qg5+ Qe7
31. Qxe7+ Nxe7 32. Ra1 Nf5 33. Kf2 Rxh2 34. Ra7 Rb8 35. Rda1 Kc8 36. Ra8 Nh6 37. Kg3 Rh1 38. Bf2 Rxa1 39. Rxa1 f5 40. Kh4 Ng8
41. Kg5 Ne7 42. g4 fxg4 43. Kxg4 Kd7 44. Bh4 Ng6 45. Bg5 Ke8= 46. Kf5 Kf7 47. Rg1 Ne7+ 48. Bxe7 Kxe7 49. Rxg7+ Kf8 50. Kf6 Ra8
51. Rxb7 Ke8 52. Rh7
1-0

[Event "Just Another Plain Tournament"]
[Site "SchemingMind.com"]
[Date "2008.11.21"]
[Round "-"]
[White "julius"]
[Black "fouche"]
[Result "1-0"]
[WhiteCountry "NED"]
[BlackCountry "COL"]
[WhiteElo "1761"]
[WhiteRD "94"]
[BlackElo "1558"]
[BlackRD "58"]
[GameID "179823"]

1. e4 c5 2. Nc3 Nc6 3. f4 e6 4. Nf3 d5 5. exd5 exd5 6. Bb5 Be7 7. O-O Nf6 8. d3 O-O 9. Bxc6 bxc6 10. Ne2 Bd6
11. Ng3 Bd7 12. Re1 Re8 13. Rxe8+ Qxe8 14. Bd2 Rb8 15. b3 Qe7 16. Qf1 Re8 17. Re1 Qd8 18. c4 Rxe1 19. Qxe1 Qe8 20. Qxe8+ Nxe8
21. Ne2 Bg4 22. Kf2 h6 23. h3 Bf5 24. Ne1 Nc7 25. g4 Bd7 26. Nc2 h5 27. Kg3 hxg4 28. hxg4 g5 29. Kf3 gxf4 30. Bxf4 Ne8
31. a3 Kg7 32. b4 Kf6 33. bxc5 Bxc5 34. d4 Bd6 35. c5 Bxf4 36. Nxf4 Nc7 37. a4 Kg5 38. Ne3 Na6 39. Nd3 Nc7 40. Ne5 Be8
41. Nf5 f6 42. Nd3 Ne6 43. Nf2 a5 44. Nh3+ Kg6 45. Nf4+ Nxf4 46. Kxf4 Bd7 47. Nd6 Kh6 48. Nb7 Kg6 49. Nxa5 Kf7 50. Nb7 Ke7
51. a5 Bc8 52. a6 Kd7 53. Kf5 Ke7+ 54. Kg6 Ke6 55. Nd8+ Ke7 56. a7
1-0

[Event "Just Another Plain Tournament"]
[Site "SchemingMind.com"]
[Date "2008.11.21"]
[Round "-"]
[White "mikewharvey"]
[Black "fouche"]
[Result "1-0"]
[WhiteCountry "GBR"]
[BlackCountry "COL"]
[WhiteElo "1781"]
[WhiteRD "90"]
[BlackElo "1525"]
[BlackRD "51"]
[GameID "179878"]

1. c4 Nf6 2. Nc3 e6 3. Nf3 d5 4. d4 c6 5. e3 Nbd7 6. Bd3 Bb4 7. O-O O-O 8. Qc2 Bxc3 9. bxc3 Nb6 10. c5 Nbd7
11. Ng5 h6 12. Nh3 b5 13. cxb6 axb6 14. f3 c5 15. e4 c4 16. Be2 b5 17. e5 Ne8 18. f4 f6 19. Qg6 f5 20. Qxe6+ Kh8
21. Qxd5 Nc7 22. Qf3 Rb8 23. Ba3 Re8 24. Qg3 Nd5 25. Bh5 Re6 26. Bf7 Ra6 27. Bd6 Rxd6 28. exd6 N7f6 29. Rfe1 Qxd6 30. Bxd5 Nxd5
31. a3 Bd7 32. Rec1 Re8 33. Qh4 Re4 34. g3 Qe6 35. Ng5 Qf6 36. Nxe4
1-0

[Event "Just Another Plain Tournament"]
[Site "SchemingMind.com"]
[Date "2008.11.20"]
[Round "-"]
[White "mikewharvey"]
[Black "julius"]
[Result "1-0"]
[WhiteCountry "GBR"]
[BlackCountry "NED"]
[WhiteElo "1752"]
[WhiteRD "94"]
[BlackElo "1761"]
[BlackRD "94"]
[GameID "179881"]

1. c4 e5 2. Nc3 Nf6 3. Nf3 Nc6 4. g3 Be7 5. Bg2 O-O 6. O-O d6 7. d3 Bd7 8. Bd2 a6 9. b4 Qc8 10. Nd5 Nxd5
11. cxd5 Na7 12. a4 Bh3 13. Bg5 Bxg5 14. Nxg5 Bxg2 15. Kxg2 b5 16. a5 c6 17. Rc1 Qf5 18. Nf3 cxd5 19. Qb3 e4 20. dxe4 dxe4
21. Nd4 Qd7 22. Qd5 Rae8 23. Nc6 Nxc6 24. Rxc6 Re6 25. Rxa6 Rh6 26. h4 Re8 27. Ra8 Re6 28. Ra6 Rc8 29. Rb6 g6 30. Qxb5 Qe7
31. Rb7 Qf6 32. a6 Kg7 33. a7 Ra8 34. Rc1 Qd4 35. Qc4 Qf6 36. Qc7 e3 37. f3 h6 38. Rb8 Rxa7 39. Qxa7 g5 40. Qa8 Kg6
41. Rg8+ Kf5 42. g4+ Kf4 43. Rc4+
1-0

[Event "Just Another Plain Tournament"]
[Site "SchemingMind.com"]
[Date "2008.11.21"]
[Round "-"]
[White "fouche"]
[Black "mikewharvey"]
[Result "1/2-1/2"]
[WhiteCountry "COL"]
[BlackCountry "GBR"]
[WhiteElo "1571"]
[WhiteRD "53"]
[BlackElo "1861"]
[BlackRD "80"]
[GameID "179883"]

1. e4 e6 2. d4 d5 3. Nc3 Nf6 4. Bg5 Bb4 5. e5 h6 6. exf6 hxg5 7. fxg7 Rg8 8. Bd3 Qf6 9. Nf3 Bd7 10. Qd2 Qxg7
11. O-O-O Nc6 12. Kb1 Nxd4 13. Nxd4 Qxd4 14. Rhf1 Qg7 15. a3 Ba5 16. b4 Bb6 17. f4 a5 18. b5 Bd4 19. Kb2 c6 20. f5 cxb5
21. fxe6 fxe6 22. Bxb5 Bxb5 23. Rfe1 e5 24. Qxd4 O-O-O 25. Qxe5 Bc4 26. Qf5+ Kc7 27. Re6 Rgf8 28. Qe5+ Qxe5 29. Rxe5 d4 30. Nb5+ Kb6
31. Nxd4 Rg8 32. c3 g4 33. Rde1 Rdf8 34. Rf5 Rxf5 35. Nxf5 Bd5 36. g3 Rh8 37. Re2 Bf3 38. Rd2 Ka6 39. Rd6+ b6 40. Rh6 Rf8
41. Nd4 Bg2 42. Kb3 Bd5+ 43. c4 Bf3 44. c5 Rb8 45. cxb6 Rxb6+ 46. Rxb6+ Kxb6 47. Kc4 Be4 48. Ne6 Bg2 49. Nf4 Bf1+ 50. Kc3 Kb5
51. Ng6 Ka4 52. Kb2 Ba6 53. Ne5 Be2 54. Ng6 Bf3 55. Nf4 Kb5 56. h4 gxh3 57. Nxh3 a4 58. Nf2 Kc6 59. Kc3 Kd6 60. Kb4 Bc6
61. Nd3 Ke6 62. Nc5+ Kf5 63. Nxa4 Kg4 64. Nc3 Kxg3 65. Nb5 Kf4 66. Kc5 Bg2 67. a4 Ke5 68. Kb6 Ke6 69. Kc7 Bf1 70. Nd4+ Kd5
71. Nc6 Kc5 72. a5= Bb5 73. Nb8 Be2 74. a6= Bxa6 75. Nxa6+=
1/2-1/2

[Event "Just Another Plain Tournament"]
[Site "SchemingMind.com"]
[Date "2008.11.21"]
[Round "-"]
[White "julius"]
[Black "mikewharvey"]
[Result "0-1"]
[WhiteCountry "NED"]
[BlackCountry "GBR"]
[WhiteElo "1761"]
[WhiteRD "94"]
[BlackElo "1752"]
[BlackRD "94"]
[GameID "179886"]

1. e4 e6 2. d4 d5 3. exd5 exd5 4. Bd3 Nc6 5. c3 Bd6 6. Nf3 Nge7 7. O-O Bg4 8. Be3 Qd7 9. Nbd2 a6 10. a4 O-O-O
11. b4 Na7 12. b5 a5 13. Qb1 b6 14. Bg5 f6 15. Bh4 Kb8 16. Bg3 Nac8 17. c4 dxc4 18. Bxc4 h6 19. Be2 h5 20. Nc4 Bxg3
21. hxg3 h4 22. Qc2 h3 23. Nh2 Bxe2 24. Qxe2 hxg2 25. Kxg2 Qh3+
0-1

[Event "Just Another Plain Tournament"]
[Site "SchemingMind.com"]
[Date "2008.11.21"]
[Round "-"]
[White "krtsip"]
[Black "fouche"]
[Result "1-0"]
[WhiteCountry "POL"]
[BlackCountry "COL"]
[WhiteElo "2280"]
[WhiteRD "142"]
[BlackElo "1559"]
[BlackRD "63"]
[GameID "179891"]

1. e4 c5 2. Nf3 Nc6 3. d4 cxd4 4. Nxd4 Nf6 5. Nc3 e5 6. Ndb5 d6 7. Nd5 Nxd5 8. exd5 Ne7 9. c4 a6 10. Qa4 Nc6
11. dxc6 bxc6 12. Nc3 Bd7 13. Qc2 Be7 14. Bd3 O-O 15. Bxh7+ Kh8 16. Bf5 Rb8 17. O-O Rb7 18. b3 Bg5 19. Rd1 Bxf5 20. Qxf5 Bf6
21. Ne4 Rd7 22. Ba3 Kg8 23. Rxd6
1-0

[Event "Just Another Plain Tournament"]
[Site "SchemingMind.com"]
[Date "2008.11.21"]
[Round "-"]
[White "krtsip"]
[Black "mikewharvey"]
[Result "1-0"]
[WhiteCountry "POL"]
[BlackCountry "GBR"]
[WhiteElo "2290"]
[WhiteRD "142"]
[BlackElo "1752"]
[BlackRD "94"]
[GameID "179892"]

1. d4 Nf6 2. c4 g6 3. Nf3 d5 4. cxd5 Nxd5 5. e4 Nb6 6. h3 Bg7 7. Nc3 O-O 8. Be2 Nc6 9. Be3 Bd7 10. O-O e5
11. Nxe5 Nxe5 12. dxe5 Bxe5 13. Qc2 Qh4 14. f4 Qg3 15. Rf3 Qh4 16. fxe5 Be6 17. b3 c6 18. Rd1 Nd7 19. Bf4 g5 20. Bg3 Qh6
21. Rd6 Qg7 22. Qd2 Nxe5 23. Bxe5 Qxe5 24. Qd4 Qa5 25. Bc4 Bxc4 26. Rf5
1-0

[Event "Just Another Plain Tournament"]
[Site "SchemingMind.com"]
[Date "2008.11.20"]
[Round "-"]
[White "krtsip"]
[Black "julius"]
[Result "1-0"]
[WhiteCountry "POL"]
[BlackCountry "NED"]
[WhiteElo "2280"]
[WhiteRD "142"]
[BlackElo "1743"]
[BlackRD "154"]
[GameID "179895"]

1. d4 Nf6 2. c4 e6 3. Nc3 d5 4. Bg5 Be7 5. Nf3 O-O 6. e3 b6 7. Rc1 Ba6 8. Qb3 Nbd7 9. cxd5 Bxf1 10. Rxf1 Nxd5
11. Nxd5 Bxg5 12. Nxc7 Rc8 13. Nxg5 Qxg5 14. Rc3 Qxg2 15. Qa4 Nf6 16. Qxa7 Qe4 17. Ke2 Rfd8 18. f3 Qh4 19. Rf2 Nd7 20. Qb7 e5
21. Qe4 Qxe4 22. fxe4 h6 23. Nd5 Rxc3 24. bxc3 Ra8 25. Kd3 f6 26. Kc4 Kf7 27. Kb5 Rb8 28. Kc6 Ke6 29. Rg2 g5 30. Rb2 h5
31. Nxb6 Rxb6+ 32. Rxb6 Nxb6 33. d5+ Ke7 34. Kxb6 h4 35. Kc7
1-0

[Event "Just Another Plain Tournament"]
[Site "SchemingMind.com"]
[Date "2008.11.21"]
[Round "-"]
[White "fouche"]
[Black "krtsip"]
[Result "0-1"]
[WhiteCountry "COL"]
[BlackCountry "POL"]
[WhiteElo "1559"]
[WhiteRD "63"]
[BlackElo "2280"]
[BlackRD "142"]
[GameID "179897"]

1. d4 d5 2. c4 e6 3. Nc3 Be7 4. Nf3 Nf6 5. e3 O-O 6. Bd3 b6 7. O-O Bb7 8. Bd2 Nbd7 9. Rc1 c5 10. cxd5 exd5
11. Re1 Ne4 12. Qc2 f5 13. Ne5 Nxe5 14. dxe5 Qc7 15. f3 Nxd2 16. Qxd2 Qxe5 17. f4 Qe6 18. Ne2 Rfe8 19. Ng3 g6 20. Re2 Bf6
21. Nxf5 gxf5 22. Qe1 Kh8 23. Qg3 c4 24. Bb1 d4 25. Qh3 d3
0-1

[Event "Just Another Plain Tournament"]
[Site "SchemingMind.com"]
[Date "2008.11.21"]
[Round "-"]
[White "mikewharvey"]
[Black "krtsip"]
[Result "0-1"]
[WhiteCountry "GBR"]
[BlackCountry "POL"]
[WhiteElo "1710"]
[WhiteRD "94"]
[BlackElo "2280"]
[BlackRD "142"]
[GameID "179898"]

1. c4 e6 2. Nc3 d5 3. d4 Be7 4. cxd5 exd5 5. Bf4 c6 6. Qc2 Bd6 7. Bxd6 Qxd6 8. O-O-O Ne7 9. h3 Bf5 10. e4 dxe4
11. Nxe4 Qf4+ 12. Qd2 Qxe4 13. Re1 Qb1#
0-1

[Event "Just Another Plain Tournament"]
[Site "SchemingMind.com"]
[Date "2008.11.20"]
[Round "-"]
[White "julius"]
[Black "krtsip"]
[Result "0-1"]
[WhiteCountry "NED"]
[BlackCountry "POL"]
[WhiteElo "1830"]
[WhiteRD "170"]
[BlackElo "2215"]
[BlackRD "167"]
[GameID "179901"]

1. e4 d5 2. exd5 Qxd5 3. Nc3 Qa5 4. d4 Nf6 5. Bd3 Nc6 6. Nf3 Bg4 7. Be3 O-O-O 8. a3 e6 9. O-O Bxf3 10. Qxf3 Nxd4
11. Bxd4 Rxd4 12. Nb5 Rd8 13. b4 Qb6 14. a4 a6 15. a5 Rxd3 16. Qxd3 Qxb5 17. Qxb5 axb5 18. c3 Nd5 19. Rfc1 Be7 20. a6 bxa6
21. Rxa6 Kb7 22. Rca1 Nxc3 23. Ra7+ Kc6 24. R7a6+ Kd5 25. Ra7 Bd6 26. Kf1 Kc4 27. Rc1 Kxb4
0-1